[Event "Cto Aragon Equipos 2025 - Preferente"]
[Site "Aragon"]
[Date "2025.02.01"]
[Round "2.62"]
[White "Veras Sanz, Marino"]
[Black "Garcia Garcia, Enrique"]
[Result "0-1"]
[WhiteElo "2004"]
[BlackElo "1881"]
[PlyCount "98"]
[GameId "2147807428848711"]
[EventDate "2025.01.25"]
[EventCountry "ESP"]
[WhiteTeam "El Olivar B"]
[BlackTeam "Dr. Azua"]

1. d4 d5 2. c4 e6 3. Nc3 a6 4. Nf3 Nf6 5. Bg5 dxc4 6. a4 Nc6 7. e3 Na5 8. Ne5 Bb4 9. Bxf6 gxf6 10. Nxc4 Qd5 11. Nd2 Qg5 12. Qf3 Qg6 13. e4 Nc6 14. d5 exd5 15. exd5 O-O 16. Qe4 Bf5 17. Qc4 Bxc3 18. Qxc3 Rfe8+ 19. Kd1 Ne5 20. Qg3 Rad8 21. Qxg6+ fxg6 22. f3 Rxd5 23. g4 Be6 24. Kc2 Red8 25. Ne4 Kg7 26. Be2 f5 27. Ng5 Rc5+ 28. Kb1 Bg8 29. gxf5 gxf5 30. Rg1 Kf6 31. f4 Nc4 32. b4 Nd2+ 33. Kb2 Rcd5 34. Rac1 Rd4 35. Rxc7 Rxb4+ 36. Kc3 Rxf4 37. Rxb7 Rxa4 38. Rd1 Rad4 39. Nxh7+ Bxh7 40. Rxh7 Ne4+ 41. Kc2 Rc8+ 42. Kb2 Rb4+ 43. Ka3 a5 44. Rd3 Rc1 45. Ka2 Rc2+ 46. Ka3 Rxe2 47. Ra7 Rb5 48. Ra6+ Ke5 49. h4 Nc5 0-1

[Event "Cto Aragon Equipos 2025 - Preferente"]
[Site "Aragon"]
[Date "2025.02.01"]
[Round "2.63"]
[White "Cajo Esteban, Ruben"]
[Black "Jaso Escudero, Julen"]
[Result "0-1"]
[WhiteElo "1867"]
[BlackElo "1925"]
[PlyCount "80"]
[GameId "2147807428889672"]
[EventDate "2025.01.25"]
[EventCountry "ESP"]
[WhiteTeam "Dr. Azua"]
[BlackTeam "El Olivar B"]

1. d4 d5 2. Nf3 Nf6 3. c4 e6 4. Nc3 Nbd7 5. Bg5 Be7 6. e3 O-O 7. cxd5 exd5 8. Bd3 c6 9. O-O h6 10. Bxf6 Nxf6 11. Qc2 g6 12. Rab1 a5 13. a3 Nh5 14. Na4 Ng7 15. Nc5 Qc7 16. Rfc1 Bf5 17. b4 axb4 18. axb4 b6 19. Bxf5 bxc5 20. Bh3 c4 21. b5 Bd6 22. bxc6 Qxc6 23. g3 Ra3 24. Bg2 Rfa8 25. Kf1 Ra2 26. Qd1 Ne8 27. Ng1 Nf6 28. Ne2 R2a3 29. Nc3 R8a5 30. Qf3 Kg7 31. h4 h5 32. Kg1 Rb3 33. Qd1 Raa3 34. Rxb3 Rxb3 35. Qf3 Bb4 36. Nxd5 Bd2 37. Rc2 Rb1+ 38. Bf1 Nxd5 39. Rxd2 c3 40. Rc2 Qc4 0-1

[Event "Cto Aragon Equipos 2025 - Preferente"]
[Site "Aragon"]
[Date "2025.02.01"]
[Round "2.64"]
[White "Bailo Remacha, Santiago"]
[Black "Abenia Porroche, Roberto"]
[Result "1/2-1/2"]
[WhiteElo "1919"]
[BlackElo "1811"]
[PlyCount "76"]
[GameId "2147807428930633"]
[EventDate "2025.01.25"]
[EventCountry "ESP"]
[WhiteTeam "El Olivar B"]
[BlackTeam "Dr. Azua"]

1. d4 c5 2. c4 Nf6 3. Nc3 cxd4 4. Qxd4 Nc6 5. Qd1 g6 6. g3 Bg7 7. Bg2 O-O 8. Nf3 d6 9. O-O Bf5 10. Ng5 Qc8 11. Nd5 h6 12. Nxf6+ Bxf6 13. Ne4 Bg7 14. Be3 Kh7 15. Qd2 Qe6 16. Qd5 Nb4 17. Qxe6 Bxe6 18. Nd2 Nc2 19. Rab1 Nxe3 20. fxe3 Rab8 21. b3 Bf6 22. Ne4 Bg7 23. Rbd1 Rfd8 24. Rd3 Rbc8 25. Nc3 Bxc3 26. Rxc3 b6 27. Rd3 Kg7 28. Rd4 Rc5 29. Rff4 Re5 30. e4 g5 31. Rf2 f6 32. h4 Bd7 33. Rd1 Bc6 34. Rd4 gxh4 35. gxh4 Rh5 36. e5 Bxg2 37. exf6+ exf6 38. Kxg2 Re5 1/2-1/2

[Event "Cto Aragon Equipos 2025 - Preferente"]
[Site "Aragon"]
[Date "2025.02.01"]
[Round "2.65"]
[White "Gomez Calomarde, Saul"]
[Black "Malo Guillen, Jose Luis"]
[Result "1/2-1/2"]
[WhiteElo "2075"]
[BlackElo "2093"]
[PlyCount "22"]
[GameId "2147807428975690"]
[EventDate "2025.01.25"]
[EventCountry "ESP"]
[WhiteTeam "Teruel B"]
[BlackTeam "Las Fuentes"]

1. Nf3 d5 2. b3 Nf6 3. Bb2 e6 4. e3 Be7 5. Be2 c5 6. O-O Nc6 7. d4 O-O 8. c4 dxc4 9. Bxc4 cxd4 10. Nxd4 Nxd4 11. Qxd4 Qxd4 1/2-1/2

[Event "Cto Aragon Equipos 2025 - Preferente"]
[Site "Aragon"]
[Date "2025.02.01"]
[Round "2.66"]
[White "Alonso Blasco, Jose Miguel"]
[Black "Romo Blasco, Adrian"]
[Result "1/2-1/2"]
[WhiteElo "1938"]
[BlackElo "1986"]
[PlyCount "102"]
[GameId "2147807429012555"]
[EventDate "2025.01.25"]
[EventCountry "ESP"]
[WhiteTeam "Las Fuentes"]
[BlackTeam "Teruel B"]

1. e4 c5 2. Nf3 g6 3. c3 d5 4. Bb5+ Bd7 5. Bxd7+ Qxd7 6. exd5 Qxd5 7. O-O Bg7 8. d4 Nf6 9. dxc5 Qxc5 10. Be3 Qc7 11. Qa4+ Qd7 12. Qxd7+ Nbxd7 13. Bd4 O-O 14. a4 b6 15. Re1 e6 16. Nbd2 Nc5 17. Ne5 Rfd8 18. b4 Nb7 19. Nc6 Rd7 20. Nb3 Nd8 21. Ne5 Rc7 22. a5 Rb8 23. axb6 axb6 24. c4 Nc6 25. Nxc6 Rxc6 26. Be5 Rbc8 27. c5 bxc5 28. bxc5 Nd7 29. Bxg7 Kxg7 30. Rac1 Nxc5 31. Rxc5 Rxc5 32. Nxc5 Rxc5 33. g3 e5 34. Kg2 Kf6 35. h4 h5 36. Re2 Kf5 37. f3 g5 38. hxg5 Kxg5 39. Rf2 Rc4 40. Re2 f6 41. Ra2 e4 42. Ra5+ f5 43. fxe4 Rxe4 44. Kf3 h4 45. gxh4+ Rxh4 46. Kg3 Rb4 47. Ra3 Re4 48. Ra5 Re3+ 49. Kf2 Rb3 50. Ra4 f4 51. Ra8 Kg4 1/2-1/2

[Event "Cto Aragon Equipos 2025 - Preferente"]
[Site "Aragon"]
[Date "2025.02.01"]
[Round "2.67"]
[White "Romo Ramirez, Antonio"]
[Black "Roman Gimeno, Javier"]
[Result "1-0"]
[WhiteElo "1986"]
[BlackElo "1875"]
[PlyCount "51"]
[GameId "2147807429147724"]
[EventDate "2025.01.25"]
[EventCountry "ESP"]
[WhiteTeam "Teruel B"]
[BlackTeam "Las Fuentes"]

1. c4 Nf6 2. g3 d5 3. cxd5 Nxd5 4. Bg2 g6 5. Nc3 Nxc3 6. bxc3 Bg7 7. d4 O-O 8. Rb1 c6 9. Nf3 Nd7 10. O-O Qc7 11. e4 b6 12. Bg5 Re8 13. Qd2 Bb7 14. Bh6 Bh8 15. Ng5 Nf6 16. Qd1 e5 17. f4 exd4 18. cxd4 Re7 19. f5 Rae8 20. e5 Nd5 21. Qb3 Bc8 22. f6 Nxf6 23. exf6 Re3 24. Qc4 b5 25. Qxc6 Qd8 26. Bd5 1-0

[Event "Cto Aragon Equipos 2025 - Preferente"]
[Site "Aragon"]
[Date "2025.02.01"]
[Round "2.68"]
[White "Manguez Cambra, Jose Luis"]
[Black "Alonso Roche, Cesar"]
[Result "1-0"]
[WhiteElo "1841"]
[BlackElo "1711"]
[PlyCount "103"]
[GameId "2147807429196877"]
[EventDate "2025.01.25"]
[EventCountry "ESP"]
[WhiteTeam "Las Fuentes"]
[BlackTeam "Teruel B"]

1. d4 g6 2. e4 d6 3. Nf3 Bg7 4. Bd3 Bg4 5. c3 e6 6. h3 Bxf3 7. Qxf3 Qf6 8. Qg3 Qe7 9. O-O Nd7 10. Be3 e5 11. Nd2 Bh6 12. Rad1 O-O-O 13. d5 Bxe3 14. Qxe3 Nc5 15. Bc2 Kb8 16. b4 Nd7 17. c4 Rf8 18. Nb3 f5 19. c5 dxc5 20. bxc5 fxe4 21. Bxe4 Ngf6 22. d6 cxd6 23. Bxb7 Nxc5 24. Nxc5 dxc5 25. Rb1 Kc7 26. Ba6 Rb8 27. Rbc1 Nd7 28. Rfd1 Rb6 29. Be2 Rf8 30. Bg4 Rd6 31. Rxc5+ Kd8 32. Rcd5 Rff6 33. Qxa7 Ke8 34. Bxd7+ Qxd7 35. Qxd7+ Kxd7 36. Rxd6+ Rxd6 37. Rxd6+ Kxd6 38. Kf1 Kc5 39. Ke2 Kb4 40. a4 Kxa4 41. Ke3 Kb3 42. Ke4 Kc4 43. Kxe5 Kd3 44. f4 Ke3 45. g4 Kf3 46. f5 Kg3 47. f6 Kxh3 48. Kf4 h5 49. gxh5 gxh5 50. f7 h4 51. f8=Q Kh2 52. Kg4 1-0

[Event "Cto Aragon Equipos 2025 - Preferente"]
[Site "Aragon"]
[Date "2025.02.01"]
[Round "2.69"]
[White "Fernandez Rubio, Rafael"]
[Black "Garcia Acin, Pablo"]
[Result "0-1"]
[WhiteElo "2048"]
[BlackElo "2069"]
[PlyCount "82"]
[GameId "2147807429254222"]
[EventDate "2025.01.25"]
[EventCountry "ESP"]
[WhiteTeam "Tauste"]
[BlackTeam "Iberajedrez Mundo 64 C"]

1. e4 c5 2. Nf3 d6 3. d4 cxd4 4. Qxd4 e5 5. Qd2 Nf6 6. Nc3 a6 7. a4 Qc7 8. b3 Be7 9. Ba3 b6 10. Bc4 Bb7 11. Nd5 Nxd5 12. Bxd5 Bxd5 13. Qxd5 Qc3+ 14. Ke2 Qxc2+ 15. Nd2 Nc6 16. Rhc1 Nd4+ 17. Ke1 Qd3 18. Qc4 Qxc4 19. Rxc4 Kd7 20. Bb2 b5 21. Rc3 Ne6 22. g3 Nc5 23. Rd1 Rhc8 24. f4 Bf6 25. Rf3 Ke6 26. Ke2 Rab8 27. a5 Bd8 28. b4 Na4 29. Ba1 Rc2 30. Rd3 Rbc8 31. fxe5 dxe5 32. Rd5 Nb2 33. Bxb2 Rxb2 34. Kf1 Be7 35. Nf3 f6 36. Rd7 Rcc2 37. Nh4 Bxb4 38. Nf5 Rf2+ 39. Kg1 Rg2+ 40. Kh1 Rxh2+ 41. Kg1 Bc5+ 0-1

[Event "Cto Aragon Equipos 2025 - Preferente"]
[Site "Aragon"]
[Date "2025.02.01"]
[Round "2.70"]
[White "Martinez Cebolla, Alberto"]
[Black "Sancho Casale, Jesus"]
[Result "1-0"]
[WhiteElo "2044"]
[BlackElo "1923"]
[PlyCount "77"]
[GameId "2147807429295183"]
[EventDate "2025.01.25"]
[EventCountry "ESP"]
[WhiteTeam "Iberajedrez Mundo 64 C"]
[BlackTeam "Tauste"]

1. e4 e5 2. Nf3 Nf6 3. Nxe5 d6 4. Nf3 Nxe4 5. Nc3 Nxc3 6. dxc3 Be7 7. Be3 O-O 8. Qd2 Nd7 9. O-O-O Ne5 10. Kb1 c6 11. h3 Qa5 12. Be2 Be6 13. b3 Rfd8 14. c4 Qc7 15. Bd4 a5 16. a4 Bf6 17. Qe3 c5 18. Bb2 b5 19. Nxe5 Re8 20. Bf3 Rab8 21. Bc6 bxc4 22. Bxe8 cxb3 23. Bb5 Bf5 24. Nd3 bxc2+ 25. Kxc2 c4 26. Bxf6 gxf6 27. Kd2 Bxd3 28. Rc1 Qb7 29. Qd4 d5 30. Qxf6 Qc7 31. Rhe1 Qc5 32. Re8+ Rxe8 33. Bxe8 Bg6 34. Bb5 Bd3 35. Re1 Be4 36. f3 d4 37. Rxe4 Qb4+ 38. Ke2 d3+ 39. Kf2 1-0

[Event "Cto Aragon Equipos 2025 - Preferente"]
[Site "Aragon"]
[Date "2025.02.01"]
[Round "2.71"]
[White "Muro Turon, Raul"]
[Black "Fuentes Garces, Pedro Jon"]
[Result "0-1"]
[WhiteElo "1879"]
[BlackElo "1813"]
[PlyCount "66"]
[GameId "2147807429348432"]
[EventDate "2025.01.25"]
[EventCountry "ESP"]
[WhiteTeam "Tauste"]
[BlackTeam "Iberajedrez Mundo 64 C"]

1. e4 c5 2. c3 d5 3. exd5 Qxd5 4. d4 cxd4 5. Nf3 Nf6 6. cxd4 e6 7. Be2 Be7 8. O-O O-O 9. Nc3 Qd6 10. Bg5 b6 11. Ne5 Bb7 12. Bf3 Nd5 13. Bxe7 Qxe7 14. Nxd5 Bxd5 15. Bxd5 exd5 16. Qf3 Qd6 17. Rac1 f6 18. Nc4 Qd7 19. Ne3 Rd8 20. Nf5 Re8 21. Rc7 Qxc7 22. Qxd5+ Kf8 23. Qxa8 Nc6 24. Qxe8+ Kxe8 25. Re1+ Kf8 26. d5 Ne5 27. Nd4 Qd6 28. Ne6+ Kf7 29. Rd1 Nc6 30. a3 Ne7 31. g3 g5 32. f4 Nxd5 33. f5 Qe5 0-1

[Event "Cto Aragon Equipos 2025 - Preferente"]
[Site "Aragon"]
[Date "2025.02.01"]
[Round "2.72"]
[White "Martinez Sanz, Pablo"]
[Black "Liarte Marinoso, Aaron"]
[Result "1/2-1/2"]
[WhiteElo "1784"]
[BlackElo "1776"]
[PlyCount "48"]
[GameId "2147807429385297"]
[EventDate "2025.01.25"]
[EventCountry "ESP"]
[WhiteTeam "Iberajedrez Mundo 64 C"]
[BlackTeam "Tauste"]

1. c4 e5 2. g3 Bc5 3. Nc3 Nf6 4. Bg2 O-O 5. Nf3 Nc6 6. O-O a5 7. e3 d6 8. d4 exd4 9. exd4 Ba7 10. Nb5 Bg4 11. Bg5 h6 12. Be3 Ne7 13. h3 Bd7 14. Nxa7 Rxa7 15. a3 Nf5 16. b4 Ne4 17. Qd3 Nxe3 18. Qxe3 Re8 19. d5 b6 20. Qd4 axb4 21. axb4 Rxa1 22. Rxa1 Ng5 23. h4 Nxf3+ 24. Bxf3 Qe7 1/2-1/2

[Event "Campeonato de Aragon por Equipos 2025 -"]
[Site "?"]
[Date "2025.02.08"]
[Round "3.1"]
[White "Ruiz Fernandez, Daniel"]
[Black "Ramiro Ovejero, Juan Luis"]
[Result "1/2-1/2"]
[WhiteElo "2165"]
[BlackElo "2315"]
[PlyCount "90"]
[GameId "2147807429442642"]
[EventDate "2025.01.25"]
[WhiteTeam "MyInvestor Casablanca B"]
[BlackTeam "Jaime Casas"]

1. e4 e5 2. Nf3 Nc6 3. Bb5 a6 4. Ba4 d6 5. O-O Bd7 6. d4 Nf6 7. d5 Ne7 8. Bxd7+ Qxd7 9. Re1 g6 10. c4 Bg7 11. Nc3 O-O 12. a4 h6 13. a5 c6 14. dxc6 Nxc6 15. Be3 Rac8 16. b3 Nh5 17. Qd2 Kh7 18. Nd5 Qe6 19. Nb6 Rcd8 20. Qd5 Qe7 21. c5 Nf4 22. Qc4 Ne6 23. Nd5 Qe8 24. b4 dxc5 25. Bxc5 Nxc5 26. bxc5 Qd7 27. Red1 Qe6 28. Rd3 Nd4 29. Rb1 Rd7 30. h3 f5 31. Rb6 Qf7 32. Nxd4 exd4 33. Rg3 fxe4 34. Rbxg6 Qxf2+ 35. Kh2 Be5 36. Nf6+ Bxf6 37. Qe6 Rg7 38. Qxe4 Kg8 39. Qe6+ Rff7 40. Qe8+ Kh7 41. Qe4 Kg8 42. Qe8+ Rf8 43. Qe6+ Rff7 44. Qe8+ Rf8 45. Qe6+ Rff7 1/2-1/2

[Event "Campeonato de Aragon por Equipos 2025 -"]
[Site "?"]
[Date "2025.02.08"]
[Round "3.2"]
[White "Newrkla, Katharina"]
[Black "Lorente Melcon, Maximo"]
[Result "0-1"]
[WhiteElo "2219"]
[BlackElo "2138"]
[PlyCount "64"]
[GameId "2147807429487699"]
[EventDate "2025.01.25"]
[WhiteTeam "Jaime Casas"]
[BlackTeam "MyInvestor Casablanca B"]

1. e4 e5 2. Nf3 Nc6 3. Bb5 a6 4. Ba4 Nf6 5. O-O Bc5 6. c3 b5 7. Bb3 d6 8. a4 Bg4 9. h3 Bxf3 10. Qxf3 Na5 11. Bc2 b4 12. d3 Rb8 13. Bg5 h6 14. Be3 bxc3 15. bxc3 Rb2 16. d4 Rxc2 17. dxc5 Nb3 18. Ra3 Nxc5 19. Bxc5 dxc5 20. Rb3 O-O 21. Na3 Ra2 22. Qe3 c4 23. Nxc4 Rxa4 24. Qe2 Qa8 25. Re1 Qc6 26. Rb4 Rxb4 27. cxb4 Qb5 28. Ra1 Rd8 29. Ra5 Qxb4 30. Rxa6 Qb1+ 31. Kh2 Nxe4 32. Nxe5 Rd1 0-1

[Event "Campeonato de Aragon por Equipos 2025 -"]
[Site "?"]
[Date "2025.02.08"]
[Round "3.3"]
[White "Conon, Catalin"]
[Black "Fontana Sotomayor, Luis Javier"]
[Result "0-1"]
[WhiteElo "2072"]
[BlackElo "2164"]
[PlyCount "120"]
[GameId "2147807429524564"]
[EventDate "2025.01.25"]
[WhiteTeam "MyInvestor Casablanca B"]
[BlackTeam "Jaime Casas"]

1. e4 c6 2. Nf3 d5 3. d3 dxe4 4. dxe4 Qxd1+ 5. Kxd1 Bg4 6. Be2 Nf6 7. Nbd2 Nbd7 8. Ne1 e5 9. Bxg4 Nxg4 10. Ke2 f6 11. Nd3 Nh6 12. a4 Nf7 13. f3 Nc5 14. Nc4 Nxd3 15. Kxd3 O-O-O+ 16. Ke2 Nd6 17. Nxd6+ Bxd6 18. Be3 a6 19. Rad1 Bc7 20. h4 h5 21. Rdg1 Kd7 22. g4 hxg4 23. Rxg4 Rh7 24. Rhg1 Rg8 25. Rg6 Ke6 26. h5 Bd6 27. h6 Kf7 28. Kd3 Be7 29. Kc3 b5 30. b3 Bf8 31. Kd3 Rgh8 32. hxg7 Bxg7 33. R6g3 Rd8+ 34. Kc3 Bf8 35. axb5 cxb5 36. f4 exf4 37. Bxf4 Bc5 38. Be3 Bd6 39. Rf3 Rc8+ 40. Kd3 Be5 41. c4 bxc4+ 42. bxc4 Rd8+ 43. Ke2 Rh4 44. Rb1 Rxe4 45. Rb7+ Ke6 46. Rb6+ Rd6 47. c5 Rxb6 48. cxb6 Kd7 49. Kd3 Rb4 50. Rh3 Kc6 51. Rh8 a5 52. Ra8 a4 53. Bd2 Rd4+ 54. Kc2 Rg4 55. Be3 Rc4+ 56. Kd2 Rb4 57. Ra7 Bd4 58. Bxd4 Rxd4+ 59. Kc3 Rf4 60. b7 Kc7 0-1

[Event "Campeonato de Aragon por Equipos 2025 -"]
[Site "?"]
[Date "2025.02.08"]
[Round "3.4"]
[White "Maza Broto, Pablo"]
[Black "Jaime Galeano, Alcher"]
[Result "1/2-1/2"]
[WhiteElo "2028"]
[BlackElo "1967"]
[PlyCount "81"]
[GameId "2147807429667925"]
[EventDate "2025.01.25"]
[WhiteTeam "Jaime Casas"]
[BlackTeam "MyInvestor Casablanca B"]

1. d4 d5 2. c4 e6 3. Nc3 Nf6 4. Bg5 Be7 5. e3 O-O 6. Nf3 b6 7. cxd5 exd5 8. Bd3 Bb7 9. Qc2 h6 10. Bf4 c5 11. O-O Nc6 12. a3 Rc8 13. Bf5 Ra8 14. dxc5 bxc5 15. Rfd1 Qa5 16. b4 cxb4 17. axb4 Qb6 18. b5 Nb4 19. Qb1 a5 20. Nd4 Bc8 21. Na4 Qb7 22. Rc1 Bxf5 23. Qxf5 Rfc8 24. b6 Bd8 25. Nb5 Ne8 26. Nd6 Nxd6 27. Bxd6 Rxc1+ 28. Rxc1 Bxb6 29. Nxb6 Qxb6 30. Rc7 Rf8 31. Qd7 Na6 32. Rb7 Nc5 33. Rxb6 Nxd7 34. Ra6 Rc8 35. h3 Rc1+ 36. Kh2 Rc2 37. Kg3 Nf6 38. f3 Ra2 39. Be5 Nd7 40. Bd4 Nf6 41. Ra7 1/2-1/2

[Event "Campeonato de Aragon por Equipos 2025 -"]
[Site "?"]
[Date "2025.02.08"]
[Round "3.5"]
[White "Garza Marco, Sergio"]
[Black "Llanes Luno, Ricardo"]
[Result "1-0"]
[WhiteElo "2384"]
[BlackElo "2170"]
[PlyCount "71"]
[GameId "2147807429712982"]
[EventDate "2025.01.25"]
[WhiteTeam "Helios"]
[BlackTeam "ONCE CA Aragon Delicias"]

1. e4 c5 2. Nf3 e6 3. b3 Nc6 4. Bb2 d6 5. c4 Nf6 6. Nc3 e5 7. Be2 Be7 8. O-O O-O 9. Ne1 Nd4 10. Nc2 Ne8 11. Ne3 g6 12. Ncd5 Bg5 13. Bc3 Nc7 14. Nxc7 Qxc7 15. Nd5 Qd8 16. b4 b6 17. a4 Be6 18. a5 Bxd5 19. cxd5 cxb4 20. Bxb4 Qd7 21. Bc3 Nxe2+ 22. Qxe2 b5 23. a6 Rab8 24. Rfb1 f5 25. exf5 Rxf5 26. Ra5 Bd8 27. Raxb5 Bb6 28. Kh1 Re8 29. f3 e4 30. Rxb6 exf3 31. Qxe8+ Qxe8 32. Rb8 f2 33. Rxe8+ Kf7 34. Ree1 fxe1=Q+ 35. Rxe1 Rxd5 36. Rb1 1-0

[Event "Campeonato de Aragon por Equipos 2025 -"]
[Site "?"]
[Date "2025.02.08"]
[Round "3.6"]
[White "Gavin Roche, Enrique"]
[Black "Torcal Miguel, Oscar"]
[Result "0-1"]
[WhiteElo "2145"]
[BlackElo "2115"]
[PlyCount "86"]
[GameId "2147807429749847"]
[EventDate "2025.01.25"]
[WhiteTeam "ONCE CA Aragon Delicias"]
[BlackTeam "Helios"]

1. d4 Nf6 2. c4 e6 3. Nc3 Bb4 4. Bd2 O-O 5. Nf3 b6 6. g3 Ba6 7. b3 d5 8. e3 Bxc3 9. Bxc3 h5 10. Rc1 Nc6 11. Bg2 Ne4 12. Nd2 Nxd2 13. Bxd2 Qd6 14. Qxh5 dxc4 15. O-O c3 16. Rxc3 Nb4 17. Bxa8 Bxf1 18. Rc1 Nxa2 19. Rc6 Qe7 20. Kxf1 Rxa8 21. Qe5 Nb4 22. Rxc7 Qf8 23. e4 a5 24. Bc3 Na2 25. Bb2 Nb4 26. Qb5 Qd6 27. Rc4 Nd3 28. Rc6 Qd7 29. Ba3 Qxd4 30. Qxb6 Qxe4 31. Rd6 Rc8 32. Rd8+ Rxd8 33. Qxd8+ Kh7 34. Qh4+ Qxh4 35. gxh4 Kg6 36. Ke2 Nf4+ 37. Ke3 Kf5 38. Kd4 Kg4 39. Bd6 Nd5 40. Bg3 f5 41. Ke5 f4 42. f3+ Kxf3 43. Be1 Ke2 0-1

[Event "Campeonato de Aragon por Equipos 2025 -"]
[Site "?"]
[Date "2025.02.08"]
[Round "3.7"]
[White "Cerrajeria Ruiz, Jesus Maria"]
[Black "Laliena Solanes, Luis"]
[Result "1-0"]
[WhiteElo "2072"]
[BlackElo "2096"]
[PlyCount "83"]
[GameId "2147807429786712"]
[EventDate "2025.01.25"]
[WhiteTeam "Helios"]
[BlackTeam "ONCE CA Aragon Delicias"]

1. Nf3 d5 2. c4 d4 3. b4 c5 4. e3 Nd7 5. exd4 cxd4 6. Bb2 e5 7. c5 a5 8. a3 Be7 9. Bb5 Qc7 10. O-O Ngf6 11. Re1 O-O 12. Nxd4 Bxc5 13. Bxd7 Bxd4 14. Bxd4 exd4 15. Bxc8 Raxc8 16. bxa5 Rfe8 17. Rxe8+ Rxe8 18. d3 Ng4 19. g3 Ne5 20. Nd2 Qc3 21. Ne4 Qxd3 22. Qxd3 Nxd3 23. Nd6 Re7 24. Rb1 Nc5 25. Nxb7 Nxb7 26. a6 Nd8 27. Rb8 f6 28. Rxd8+ Kf7 29. Rxd4 Ra7 30. Rd6 Kg6 31. Kg2 h5 32. h4 Kf5 33. Rd5+ Ke4 34. Ra5 g6 35. Ra4+ Kd5 36. Kf3 Kc6 37. g4 Kb5 38. Rb4+ Kc5 39. gxh5 Rxa6 40. hxg6 Rxa3+ 41. Kf4 Kxb4 42. g7 1-0

[Event "Campeonato de Aragon por Equipos 2025 -"]
[Site "?"]
[Date "2025.02.08"]
[Round "3.8"]
[White "Llanes Luno, Pedro Alfredo"]
[Black "Lorente Melcon, Hector"]
[Result "1-0"]
[WhiteElo "2045"]
[BlackElo "1946"]
[PlyCount "83"]
[GameId "2147807429823577"]
[EventDate "2025.01.25"]
[WhiteTeam "ONCE CA Aragon Delicias"]
[BlackTeam "Helios"]

1. e4 c5 2. Nf3 e6 3. Nc3 Nc6 4. Bb5 Nd4 5. O-O Nxb5 6. Nxb5 a6 7. Nc3 d6 8. d4 cxd4 9. Qxd4 Ne7 10. Bg5 f6 11. Bh4 Nc6 12. Qe3 Be7 13. Na4 b5 14. Nb6 Rb8 15. Nxc8 Rxc8 16. a4 b4 17. Rfd1 Qc7 18. Qb3 Kf7 19. Bg3 Rb8 20. a5 Rhc8 21. Qd3 Ne5 22. Bxe5 dxe5 23. Ne1 Rb5 24. Qh3 Rh8 25. Rd3 Rbb8 26. Qh5+ g6 27. Qh6 Qc6 28. f3 Rbd8 29. Rad1 Rxd3 30. Rxd3 Qc5+ 31. Kf1 Qxa5 32. Kf2 Qc5+ 33. Kg3 Qc7 34. c3 a5 35. cxb4 Bxb4 36. Rd1 f5 37. Nd3 Qc2 38. Nxe5+ Ke8 39. Rc1 Qxb2 40. Rc8+ Ke7 41. Qg7+ Kd6 42. Rc6# 1-0

[Event "Campeonato de Aragon por Equipos 2025 -"]
[Site "?"]
[Date "2025.02.08"]
[Round "3.9"]
[White "Chueca Forcen, Alberto"]
[Black "Lana Rodriguez, David"]
[Result "1/2-1/2"]
[WhiteElo "2270"]
[BlackElo "2352"]
[PlyCount "76"]
[GameId "2147807429868634"]
[EventDate "2025.01.25"]
[WhiteTeam "Teruel"]
[BlackTeam "Jaque - Aramovil"]

1. Nf3 Nf6 2. c4 e6 3. e3 d5 4. b3 c5 5. cxd5 exd5 6. Bb2 Be7 7. Be2 O-O 8. O-O Nc6 9. d4 Ne4 10. dxc5 Bxc5 11. Nc3 Nxc3 12. Bxc3 Be6 13. Rc1 Qe7 14. Rc2 Rac8 15. Qa1 f6 16. Rd2 Rfd8 17. Rc1 Ba3 18. Bb2 Bb4 19. Rdd1 Bd6 20. g3 Bc5 21. Nd4 Bxd4 22. Bxd4 Bf5 23. Qb2 Qe6 24. b4 Ne5 25. Bxe5 fxe5 26. Rxc8 Rxc8 27. Qb3 Rd8 28. Bf3 e4 29. Be2 Qe5 30. Rd4 Be6 31. Qd1 Qf5 32. Rd2 Rf8 33. Bf1 Qe5 34. Rc2 Rd8 35. Qd4 Qxd4 36. exd4 Kf7 37. Rc7+ Rd7 38. Rxd7+ Bxd7 1/2-1/2

[Event "Campeonato de Aragon por Equipos 2025 -"]
[Site "?"]
[Date "2025.02.08"]
[Round "3.10"]
[White "Escartin Lacasa, Jose"]
[Black "Cabrera Moreno, Daniel"]
[Result "1/2-1/2"]
[WhiteElo "2296"]
[BlackElo "2132"]
[PlyCount "164"]
[GameId "2147807429909595"]
[EventDate "2025.01.25"]
[WhiteTeam "Jaque - Aramovil"]
[BlackTeam "Teruel"]

1. d4 d5 2. Nf3 Nf6 3. c4 c6 4. e3 Bf5 5. cxd5 Nxd5 6. Nbd2 Nf6 7. Bc4 e6 8. O-O Be7 9. Re1 O-O 10. e4 Bg6 11. Qb3 b5 12. Bf1 Nbd7 13. e5 Nd5 14. Ne4 a6 15. Bg5 Bxe4 16. Bxe7 Qxe7 17. Rxe4 c5 18. Ree1 c4 19. Qc2 N7b6 20. Qe4 Rfc8 21. h4 h6 22. Qg4 Na4 23. b3 Nb2 24. Nd2 c3 25. Ne4 b4 26. Nd6 Rd8 27. Rec1 Rxd6 28. exd6 Qxd6 29. a3 bxa3 30. Bc4 Nb4 31. Rxc3 Nxc4 32. bxc4 a2 33. Qe4 Rd8 34. c5 Qxd4 35. Qxd4 Rxd4 36. c6 Rd8 37. Rc4 a5 38. Rc5 Rc8 39. Rxa5 Rxc6 40. Ra4 Rc4 41. g3 e5 42. Kg2 Rd4 43. Ra5 f6 44. Ra8+ Kf7 45. Ra7+ Ke6 46. Rxg7 Rd2 47. Ra7 Kf5 48. Ra4 Rb2 49. Rxb4 Rxb4 50. Rxa2 h5 51. Ra7 Rb3 52. Rg7 Rb2 53. Rg8 Ra2 54. Rg7 Rb2 55. Ra7 Rc2 56. Rh7 Kg6 57. Rb7 Kf5 58. Rb3 Ra2 59. Rf3+ Kg6 60. Rc3 Kf5 61. Kf3 Rb2 62. Ra3 Rc2 63. Ke3 Rb2 64. Ra5 Rb3+ 65. Ke2 Rb2+ 66. Kf1 Rb1+ 67. Kg2 Rb2 68. Ra4 Rc2 69. Ra1 Rb2 70. Rf1 Kg4 71. Ra1 Kf5 72. Kf1 Rc2 73. f3 Rb2 74. Ra4 Rc2 75. g4+ hxg4 76. fxg4+ Kg6 77. Kg1 Rb2 78. Re4 Ra2 79. Rb4 Rc2 80. Re4 Ra2 81. Rb4 Rc2 82. Re4 Ra2 1/2-1/2

[Event "Campeonato de Aragon por Equipos 2025 -"]
[Site "?"]
[Date "2025.02.08"]
[Round "3.11"]
[White "Gomez Calomarde, Saul"]
[Black "Ereza Vizcarra, Fernando"]
[Result "1/2-1/2"]
[WhiteElo "2075"]
[BlackElo "2120"]
[PlyCount "46"]
[GameId "2147807429946460"]
[EventDate "2025.01.25"]
[WhiteTeam "Teruel"]
[BlackTeam "Jaque - Aramovil"]

1. Nf3 d5 2. d4 Nf6 3. c4 c6 4. e3 Bg4 5. h3 Bxf3 6. Qxf3 e6 7. Bd3 Bb4+ 8. Nc3 Nbd7 9. O-O O-O 10. cxd5 exd5 11. a3 Bd6 12. b4 a6 13. e4 dxe4 14. Nxe4 Nxe4 15. Bxe4 Qf6 16. Qg4 Qe7 17. Bg5 Nf6 18. Rfe1 Nxg4 19. Bxe7 Bxe7 20. hxg4 Bf6 21. Rad1 a5 22. d5 axb4 23. axb4 Ra4 1/2-1/2

[Event "Campeonato de Aragon por Equipos 2025 -"]
[Site "?"]
[Date "2025.02.08"]
[Round "3.12"]
[White "Montoro Mavilla, Sergio"]
[Black "Navarro Remon, Mario"]
[Result "0-1"]
[WhiteElo "1944"]
[BlackElo "1919"]
[PlyCount "66"]
[GameId "2147807429983325"]
[EventDate "2025.01.25"]
[WhiteTeam "Jaque - Aramovil"]
[BlackTeam "Teruel"]

1. e4 c5 2. Nf3 g6 3. d4 cxd4 4. Nxd4 Bg7 5. c4 Nc6 6. Be3 Nf6 7. Nc3 Ng4 8. Qxg4 Nxd4 9. Qd1 Nc6 10. Rc1 O-O 11. c5 f5 12. exf5 gxf5 13. f4 e5 14. Bc4+ Kh8 15. O-O b6 16. Rf3 bxc5 17. Bxc5 Nd4 18. Rh3 d6 19. Nd5 dxc5 20. Qh5 h6 21. Qg6 Be6 22. Rcc3 Bg8 23. Rxh6+ Bxh6 24. Rh3 Bh7 25. Rxh6 Qd7 26. Nf6 Rxf6 27. Qxf6+ Qg7 28. fxe5 Nf3+ 29. Kh1 Nxe5 30. Be6 Qxf6 31. Rxf6 Kg7 32. Rxf5 Bxf5 33. Bxf5 Rd8 0-1